000 00685nam a2200229Ia 4500
003 OSt
005 20250603123926.0
008 220923b |||||||| |||| 00| 0 eng d
037 _cReference
040 _aRTL
_cRTL
_beng
041 _2eng
_aeng
084 _aA K7/SC
_qRTL
245 0 _aGreat Ideas in modern science
260 _aNew York
_bBantham Books
_c1967
300 _aviii, 312 p.
_bIncludes bibliographical reference and index
650 _aPhilosophy of science
_9725578
650 _aModern science
_9811549
650 _aScience
700 _aMarks, Robert W.
_eEditor
_9315485
942 _hA K7/SC
_cREF
_2CC
_n0
999 _c621664
_d621664